000 00945nam a22003017a 4500
003 CHAP
005 20220329135838.0
008 971013s r 00010 d
010 _a43171
011 _a44143
035 _a48281
040 _cCHAP
090 _aR-1781
100 0 0 _aRackis, Joseph J.
_993648
245 _aFlavor and flatulence factors in soybean protein products
500 _aSobretiro de : J. Agr. Food Chem. 18 (6) : 977-982, 1970
590 _aBATCH-UPD
_b10
_c20130110
_lUCH01
_h0203
590 _aBATCH-UPD
_b10
_c20130110
_lUCH01
_h1447
590 _aBATCH-UPD
_b10
_c20130410
_lUCH01
_h0916
590 _aBATCH-UPD
_b10
_c20130914
_lUCH01
_h1951
590 _aCONVERSION
_b10
_c20130109
_lUCH01
_h1324
650 1 4 _aSoya
_xEfectos fisiológicos.
_9109043
650 1 4 _aSoya
_xProteínas.
_9109081
650 1 4 _aSoya
_xSabor.
_9109085
901 _aBK
942 _cREIMP
949 _aR-1781
_bBC
_cR
_d-109489
_eTS1
_i48281
_si
999 _c43171
_d43171